| 000 | 00359nam a22001577a 4500 | ||
|---|---|---|---|
| 005 | 20180801153945.0 | ||
| 008 | 160614b xxu||||| |||| 00| 0 eng d | ||
| 041 | _aeng | ||
| 082 |
_b7447 _a658.3 |
||
| 100 |
_aAswathapa, K _91886 |
||
| 245 | _aOrganisational Behaviour | ||
| 260 |
_bHPH _adelhi |
||
| 300 | _a583p, | ||
| 650 |
_aManagement _9241 |
||
| 942 | _cBK | ||
| 999 |
_c2652 _d2651 |
||